Формирование наночастиц в условиях электрического взрыва проводников: методические указания к выполнению лабораторных работ

Xehetasun bibliografikoak
Egile nagusia: Назаренко О. Б. Ольга Брониславовна
Erakunde egilea: Томский политехнический университет (ТПУ)
Beste egile batzuk: Тихонов Д. В. Дмитрий Владимирович
Gaia:Заглавие с титульного экрана
Электронная версия печатной публикации
Режим доступа: из корпоративной сети ТПУ
Hizkuntza:errusiera
Argitaratua: Томск, Изд-во ТПУ, 2008
Gaiak:
Sarrera elektronikoa:http://www.lib.tpu.ru/fulltext2/m/2010/m219.pdf
Formatua: MixedMaterials Baliabide elektronikoa Liburua
KOHA link:https://koha.lib.tpu.ru/cgi-bin/koha/opac-detail.pl?biblionumber=188526

MARC

LEADER 00000nlm0a2200000 4500
001 188526
005 20240117100959.0
035 |a (RuTPU)RU\TPU\book\204768 
090 |a 188526 
100 |a 20101209d2008 m y0rusy50 ca 
101 0 |a rus 
102 |a RU 
105 |a a j 001zy 
135 |a drcn ---uucaa 
181 0 |a i  
182 0 |a b 
200 1 |a Формирование наночастиц в условиях электрического взрыва проводников  |e методические указания к выполнению лабораторных работ  |f О. Б. Назаренко, Д. В. Тихонов  |g Томский политехнический университет (ТПУ) 
203 |a Текст  |c электронный 
210 |a Томск  |c Изд-во ТПУ  |d 2008 
300 |a Заглавие с титульного экрана 
300 |a Электронная версия печатной публикации 
333 |a Режим доступа: из корпоративной сети ТПУ 
337 |a Adobe Reader 
452 1 |0 (RuTPU)RU\TPU\book\172371  |y 5- 98298-286-5  |t Формирование наночастиц в условиях электрического взрыва проводников  |o методические указания  |f О. Б. Назаренко, Д. В. Тихонов  |g Томский политехнический университет (ТПУ)  |c Томск  |n Изд-во ТПУ  |d 2008  |p 87 с.  |a Назаренко, Ольга Брониславовна 
606 1 |a Проводники  |x Электрический взрыв  |2 stltpush  |3 (RuTPU)RU\TPU\subj\68095  |9 83632 
606 1 |a Нанопорошки  |2 stltpush  |3 (RuTPU)RU\TPU\subj\52425  |9 70876 
610 1 |a электровзрывные нанопорошки 
610 1 |a проводники 
610 1 |a электрический взрыв 
610 1 |a наночастицы 
610 1 |a наноматериалы 
610 1 |a материаловедение 
610 1 |a учебные пособия 
610 1 |a методические указания 
610 1 |a труды учёных ТПУ 
610 1 |a электронный ресурс 
675 |a 537.5(076.5)  |v 3 
675 |a 621.762(076.5)  |v 3 
700 1 |a Назаренко  |b О. Б.  |c российский ученый, специалист в области экологии и безопасности жизнедеятельности  |c профессор Томского политехнического университета, доктор технических наук  |f 1963-  |g Ольга Брониславовна  |3 (RuTPU)RU\TPU\pers\25620  |9 11549 
701 1 |a Тихонов  |b Д. В.  |c специалист в области электроэнергетики  |c старший научный сотрудник Томского политехнического университета, кандидат технических наук  |f 1965-  |g Дмитрий Владимирович  |3 (RuTPU)RU\TPU\pers\25645  |9 11556 
712 0 2 |a Томский политехнический университет (ТПУ)  |c (1991-2009)  |3 (RuTPU)RU\TPU\col\376 
801 1 |a RU  |b 63413507  |c 20101209 
801 2 |a RU  |b 63413507  |c 20101209  |g RCR 
856 4 |u http://www.lib.tpu.ru/fulltext2/m/2010/m219.pdf 
942 |c CF